Health Professional for a New Century / Transforming Education to Strengthen Health Systems in an Independent World (Record no. 1634)

000 -LEADER
fixed length control field 00810nam a22002057a 4500
003 - CONTROL NUMBER IDENTIFIER
control field OSt
005 - DATE AND TIME OF LATEST TRANSACTION
control field 20210427075841.0
008 - FIXED-LENGTH DATA ELEMENTS--GENERAL INFORMATION
fixed length control field 210222s2010 ||||| |||| 00| 0 eng d
020 ## - INTERNATIONAL STANDARD BOOK NUMBER
International Standard Book Number 9780674061484
040 ## - CATALOGING SOURCE
Original cataloging agency eng
Language of cataloging eng
Transcribing agency DLC
041 ## - LANGUAGE CODE
Language code of text/sound track or separate title eng
080 ## - UNIVERSAL DECIMAL CLASSIFICATION NUMBER
Universal Decimal Classification number 614
Item number H-43
110 ## - MAIN ENTRY--CORPORATE NAME
9 (RLIN) 1052
Corporate name or jurisdiction name as entry element A Global Independent Commission The LANCET
245 ## - TITLE STATEMENT
Title Health Professional for a New Century / Transforming Education to Strengthen Health Systems in an Independent World
Remainder of title : Education of Health Professionals for the 21st Century
Statement of responsibility, etc. / by: Communications Development Incorporated
260 ## - PUBLICATION, DISTRIBUTION, ETC.
Place of publication, distribution, etc. Washington DC
Name of publisher, distributor, etc. Communications Development Incorporated
Date of publication, distribution, etc. 2010
300 ## - PHYSICAL DESCRIPTION
Extent 95 p.
Other physical details ill.
650 #0 - SUBJECT ADDED ENTRY--TOPICAL TERM
9 (RLIN) 337
Topical term or geographic name entry element Public Health
653 ## - INDEX TERM--UNCONTROLLED
Uncontrolled term საზოგადოებრივი ჯანდაცვა
942 ## - ADDED ENTRY ELEMENTS (KOHA)
Source of classification or shelving scheme
Koha item type Books
Holdings
Withdrawn status Lost status Source of classification or shelving scheme Damaged status Not for loan Permanent location Current location Date acquired Inventory number Total Checkouts Full call number Barcode Date last seen Price effective from Koha item type
          Ken Walker International University Ken Walker International University 02/22/2021 1505   614 H-43 1505 02/22/2021 02/22/2021 Books

Powered by Koha